Test your C #.NET skills (Record no. 10840)
[ view plain ]
| 000 -LEADER | |
|---|---|
| fixed length control field | 00428 a2200169 4500 |
| 020 ## - INTERNATIONAL STANDARD BOOK NUMBER | |
| International Standard Book Number | 9788183332651 |
| 082 ## - DEWEY DECIMAL CLASSIFICATION NUMBER | |
| Classification number | 005.133 |
| 090 ## - LOCALLY ASSIGNED LC-TYPE CALL NUMBER (OCLC); LOCAL CALL NUMBER (RLIN) | |
| -- | 7031 |
| -- | 7031 |
| 100 ## - MAIN ENTRY--PERSONAL NAME | |
| Personal name | Kanetkar, Yashavant P. |
| 245 ## - TITLE STATEMENT | |
| Title | Test your C #.NET skills |
| Statement of responsibility, etc. | Yashavant P. Kanetkar |
| 250 ## - EDITION STATEMENT | |
| Edition statement | Part II |
| 260 ## - PUBLICATION, DISTRIBUTION, ETC. | |
| Place of publication, distribution, etc. | New Delhi |
| Name of publisher, distributor, etc. | BPB Publications |
| Date of publication, distribution, etc. | 2008 |
| 300 ## - PHYSICAL DESCRIPTION | |
| Extent | 280 p. |
| 650 ## - SUBJECT ADDED ENTRY--TOPICAL TERM | |
| Topical term or geographic name entry element | C #.NET |
| 700 ## - ADDED ENTRY--PERSONAL NAME | |
| Personal name | Yashavant P. Kanetkar |
| 942 ## - ADDED ENTRY ELEMENTS (KOHA) | |
| Koha item type | Book |
| Call number prefix | 005.133 KAN |
| Withdrawn status | Lost status | Damaged status | Not for loan | Collection code | Permanent Location | Current Location | Shelving location | Date acquired | Source of acquisition | Cost, normal purchase price | Total Checkouts | Full call number | Barcode | Date last seen | Price effective from | Koha item type | Date last checked out |
|---|---|---|---|---|---|---|---|---|---|---|---|---|---|---|---|---|---|
| Central Library (CL) | Central Library (CL) | First Floor - Software Engineering/ Programming Language | 04/13/2012 | Allied Book Company | 237.60 | 005.133 KAN | SEECS011184 | 11/14/2012 | 01/05/2017 | Book | |||||||
| Central Library (CL) | Central Library (CL) | First Floor - Software Engineering/ Programming Language | 04/13/2012 | Allied Book Company | 237.60 | 1 | 005.133 KAN | SEECS011183 | 04/26/2016 | 01/05/2017 | Book | 11/25/2015 | |||||
| Central Library (CL) | Central Library (CL) | First Floor - Software Engineering/ Programming Language | 04/13/2012 | Allied Book Company | 237.60 | 005.133 KAN | SEECS011185 | 11/14/2012 | 01/05/2017 | Book |
